Responses for Show #8618 - Wednesday, April 13, 2022

Mattea Roach game 7.

Contestants

[<< previous game]

Adam Wallick, an airline planning analyst from Chicago, Illinois

Rachel Skytt, a bookseller from Burbank, California

Mattea Roach, a tutor from Toronto, Ontario, Canada (whose 6-day cash winnings total $148,000)

[next game >>]

Jeopardy! Round responses

A REIGN OF ERROR
HOUSEHOLD INITIALS
A NUMBER BETWEEN 2 & 115
BOOK 'EM
AT THE MOVIES
ENDS IN DOUBLE LETTERS
    $200 26
Mary

Rachel
    $200 21
the pilot light

Adam
    $200 6
10

Mattea
    $200 2
Dracula

Mattea
    $200 15
Dory

Rachel
    $200 1
stewardess

Rachel
    $400 27
Nero

Rachel
    $400 22
smoke detector

Mattea
    $400 7
the 4th

Adam
    $400 11
DOS

Triple Stumper
    $400 16
The Hunger Games

Mattea
    $400 3
(Mattea: What's the baton pass?)

the handoff

Mattea
Triple Stumper
    $600 28
Nicholas II

Mattea
    $600 23
mattress tag

Rachel
    $600 8
98

Triple Stumper
    $600 12
the Joy of Cooking

Rachel
    $600 18
Emily Blunt

Mattea
    $600 4
the eyeball

Mattea
    $800 29
Montezuma

Mattea
    $800 24
garbage disposal

Mattea
    $400 9
(Ken: Elizabeth became queen in 1952.)

70

Adam
    $800 13
a Sandwich

Triple Stumper
    $800 19
Fences

Rachel
    $800 5
filigree

Triple Stumper
    $1000 30
Ethelred the Unready

Mattea
    $1000 25
the mud room

Mattea
    $1000 10
64

Rachel
    $1000 14
The Celestine Prophecy

Triple Stumper
    $1000 20
(Ken: That's correct, and I'm gonna need you to go ahead and select the next category for us.)
[Slight laughter]

Office Space

Mattea
    $1000 17
the plaintiff

Adam

Scores at the first commercial break (after clue 15):

Mattea Rachel Adam
$600 $2,000 $800

Scores at the end of the Jeopardy! Round:

Mattea Rachel Adam
$7,200 $4,000 $2,000

Double Jeopardy! Round responses

AROUND THE USA
OH ME OF LITTLE FAITH
CATCH THE MUSICAL TV ACT
(Ken: You'll have to name the series on which each act appeared.)
BAT QUIZ
WHAT THE LETTER SAYS
SINCERELY YOURS
    $400 30
(Ken: And that earns you the all-important $400 you needed to have exactly half Mattea's score...)

Green Bay

Adam
    $400 14
Dickinson

Rachel
    $400 5
The Office

Mattea
    $400 19
wing

Mattea
    $400 25
U.S. independence

Adam
    $400 10
honest

Triple Stumper
    $800 4
pueblos

Mattea
    $800 15
Darth Vader

Mattea
    $800 6
The Muppet Show

Rachel
    $800 20
a cactus

Adam
    $5,000 26
Florence Nightingale

Adam
    $800 11
heartfelt

Adam
    $1200 1
(Adam: And I'm from Rhode Island.)

Newport

Adam
    $1200 16
(Ken: Yeah, I guess he's an atheist; I had no idea.)

Ricky Gervais

Mattea
    $1200 7
(Ken: John Stamos on [*], yes.)

Full House

Rachel
    $1200 21
echolocation

Mattea
    $1200 27
(Adam: Who is Martin Luther King?)

Malcolm X

MatteaAdam
    $1200 12
"Tell It Like It Is"

Triple Stumper
    $1600 2
(Adam: What is the Delmarva Peninsula?)

the Eastern Shore

Adam
Triple Stumper
    $1600 17
(Adam: What is the Democratic-Republican?)

the Federalists

MatteaAdam
    $1600 8
Buffy the Vampire Slayer

Triple Stumper
    $1600 22
rabies

Triple Stumper
    $1600 28
Rembrandt

Rachel
    $1600 13
on the up-and-up

Mattea
    $2,000 3
Panama City

Adam
    $2000 18
(1 of) Christopher Hitchens or Richard Dawkins

Mattea
    $2000 9
Atlanta

Triple Stumper
    $2000 24
Texas

Adam
    $2000 29
John Cabot

Triple Stumper
    $2000 23
ingenuous

Mattea

Scores at the end of the Double Jeopardy! Round:

Mattea Rachel Adam
$20,400 $8,000 $10,200
(lock-tie game)

[wagering suggestions for these scores]

Final Jeopardy! Round responses

HISTORY
(Ken: [To Rachel] I'm afraid we can't take that...)
...
(Ken: [To Mattea] Yes, that was the global war between England and France of which the French and Indian War was the North American arena, I'm afraid.)
RachelWhat is the French and Indian War???
$0
AdamWhat is the French and Indian War?
$10,200
MatteaWhat is the Seven Years' War?
$1
the Seven Years' War

Final scores:

Mattea Rachel Adam
$20,401 $8,000 $0
7-day champion: $168,401 2nd place: $2,000 3rd place: $1,000

Game dynamics:

Coryat scores:

Mattea Rachel Adam
$20,400 $8,000 $6,400
23 R,
1 W
12 R,
0 W
12 R
(including 3 DDs),
3 W

Combined Coryat: $34,800

[game clues] [game scores] [suggest correction]

Game tape date: 2022-02-08
The J! Archive is created by fans, for fans. Scraping, republication, monetization, and malicious use prohibited; this site may use cookies and collect identifying information. See terms. The Jeopardy! game show and all elements thereof, including but not limited to copyright and trademark thereto, are the property of Jeopardy Productions, Inc. and are protected under law. This website is not affiliated with, sponsored by, or operated by Jeopardy Productions, Inc. Join the discussion at JBoard.tv.